Pays ayant le plus de gratte-ciel - Statistiques

Statistiques générales
  • Ce quiz a été pris 26 390 fois
    23 653 depuis la dernière actualisation
  • Le résultat moyen est 15 sur 21
Statistiques - réponses
# Pays % Correct
825 Etats-Unis
99%
2 358 Chine
98%
261 Japon
94%
112 Canada
91%
49 Russie
88%
73 Inde
85%
43 Mexique
82%
268 Émirats Arabes Unis
81%
122 Australie
80%
44 Brésil
78%
233 Corée du Sud
77%
34 Arabie Saoudite
75%
36 Qatar
72%
105 Indonésie
71%
94 Singapour
64%
108 Thaïlande
60%
97 Malaisie
57%
37 Taïwan
50%
66 Turquie
47%
92 Philippines
45%
54 Panama
13%
Aucun quiz correspondant
Distribution des résultats
% des personnes avec chaque résultat
Percentile par nombre de réponses
Votre historique - résultats
Vous n’avez pas pris ce quiz depuis la dernière actualisation